000
00183 a2200097 4500
001
863
100
_a
Lovell,B
245
_a
Electronics
260
_a
_b
Chapman
_c
090
_c
454
_d
454
942
_a
NUST-CAE
_c
M
_c
30867
999
_c
235936
_d
235936